All games in the Mariokart saga - Statistics

General Stats
  • This quiz has been taken 27 times
  • The average score is 8 of 10
Answer Stats
Release year Console Answer % Correct
2014 Wii U Mario Kart 8
100%
2017 Nintendo Switch Mario Kart 8 Deluxe
100%
2008 Wii Mario Kart Wii
96%
1996 Nintendo 64 Mario Kart 64
92%
2011 3DS Mario Kart 7
92%
2005 DS Mario Kart DS
92%
2003 GameCube Mario Kart: Double Dash
88%
1992 Super Nintendo Entertainment System Super Mario Kart
83%
2001 Game Boy Advance Mario Kart: Super Circuit
54%
2020 Nintendo Switch Mario Kart Live: Home Circuit
21%
No matching quizzes found
Score Distribution
Percent of People with Each Score
Percentile by Number Answered
Your Score History
You have not taken this quiz